Normal view
MARC view
Entry Topical Term
001 - CONTROL NUMBER
- control field: 18340
003 - CONTROL NUMBER IDENTIFIER
- control field: OSt
005 - DATE AND TIME OF LATEST TRANSACTION
- control field: 20211105134258.0
008 - FIXED-LENGTH DATA ELEMENTS
- fixed length control field: 211105|| aca||aabn | a|a d
040 ## - CATALOGING SOURCE
- Original cataloging agency: OSt
- Transcribing agency: OSt
150 ## - HEADING--TOPICAL TERM
- Topical term or geographic name entry element: Space arrays
670 ## - SOURCE DATA FOUND
- Source citation: Work cat.: (OSt): Colloquium on Kilometric Optical Arrays in Space 1984 Oct. 23-25 18337, proceedings of the colloquium on kilometric optical arrays in space, 1985